Oral history of WWII as told by 1st Sargeant ... Read More
Available copies
- 1 of 1 copy available at LARL/NWRL Consortium. (Show)
- 1 of 1 copy available at Lake Agassiz Regional Library.
Current holds
0 current holds with 1 total copy.
Show All Copies
| Location | Call Number / Copy Notes | Barcode | Shelving Location | Status | Due Date |
|---|---|---|---|---|---|
| Ada Public Library | 921 SIP (Text) | 33500008990442 | Main | Available | - |
Record details
- Physical Description: 59 p. ; 30 cm. in 3 ring binder.
- Publisher: Ada, MN: Montana State University Billings, 2005.
Content descriptions
| General Note: | Company "K", 337th Infantry, 85th Division (Custer Div.), 1942-1945. |
| Summary, etc.: | Transcription of the 2 1/2 hour recorded and taped ... Read More |
Search for related items by subject
| Subject: | Sipe, Anthony C. World War, 1939-1945 > Personal narratives, American. World War, 1939-1945 > Italy. |
| LDR | 01073nam a2200169 a 4500 | ||
|---|---|---|---|
| 001 | 68834 | ||
| 003 | LARL_NWRL_CONSORTIUM | ||
| 245 | 0 | 0. | ‡aOral history of WWII as told by 1st Sargeant Anthony Sipe. |
| 260 | . | ‡aAda, MN: ‡bMontana State University Billings, ‡c2005. | |
| 300 | . | ‡a59 p. ; ‡c30 cm. in 3 ring binder. | |
| 520 | . | ‡aTranscription of the 2 1/2 hour recorded and taped telephone interview of 1st Sergeant Sipe who saw action in Italy duriing WWII, conducted by the Montana State University, Billings, Montana. Parts of this transcript is included in a book titled "The Oral History of WWII", as told by many veterans who were involved on the farious fronts. | |
| 500 | . | ‡aCompany "K", 337th Infantry, 85th Division (Custer Div.), 1942-1945. | |
| 600 | 1 | 0. | ‡aSipe, Anthony C. |
| 650 | 0. | ‡aWorld War, 1939-1945 ‡vPersonal narratives, American. ‡0(LARL_NWRL_CONSORTIUM)167879 | |
| 650 | 0. | ‡aWorld War, 1939-1945 ‡zItaly. | |
| 901 | . | ‡a68834 ‡bSystem ‡c68834 ‡tbiblio | |

Add to basket
Permalink
Disable Highlighting